Domande di cultura generale. - Statistics

Statistiche generali
  • Questo quiz è stato fatto 254 volte
  • Il punteggio medio è 10 su 15
Statistiche sulle risposte
Domanda Risposta % Corretto
In che anno è stata la scoperta dell'America? 1492
90%
capitale della Thailandia Bangkok
90%
Con quale frequenza si svolgono i Giochi Olimpici? Ogni 4 anni
86%
Quanti Stati ci sono negli Stati Uniti? 50
85%
Quando è nata la Repubblica italiana? 1946
82%
quante regioni ha l'Italia? 20
80%
Lo stretto di Gibilterra separa la Spagna da quale paese? Marocco
79%
Quale animale produce il suono più forte generato da un essere vivente? Megattera
72%
qual' è il più grande oceano del mondo Oceano pacifico
72%
in quale anno è stata sciolta l'Unione Sovietica? 1991
60%
Chi ha vinto la Coppa nel Mondo 2010 Spagna
53%
Qual è il paese più popolato del mondo? India
40%
Qual è il numero che viene dopo il 14 nel numero del pi greco? 1
39%
In che anno è stata scattata la prima foto di un buco nero? 2019
28%
qual è stato il secondo paese americano a diventare indipendente? Haiti
17%
Nessun quiz corrispondente trovato
Distribuzione punteggi
Percentuale di utenti per punteggio
Percentile per numero di risposta
I tuoi punteggi nel tempo
Non hai fatto questo quiz